| 000 | 00663nam a22002177a 4500 | ||
|---|---|---|---|
| 003 | DO-SdBNP | ||
| 005 | 20171129153025.0 | ||
| 008 | 171116b 2005 pe ||||| |||| 00| 0 spa d | ||
| 020 | _a9972342522 | ||
| 040 |
_aBPMSU _bspa _cBPMSU |
||
| 092 |
_axxxx _bxxxx |
||
| 100 | 1 |
_aGranados, Pedro, _d1955- |
|
| 245 | 1 | 0 |
_aUn chin de amor / _cPedro Granados. |
| 260 |
_aLima : _bSan Marcos, _c2005 |
||
| 300 |
_a180 p. ; _c20 cm. |
||
| 500 | _aIncluye datos del autor en la solapa de la cubierta | ||
| 505 | 0 |
_tPrepucio carmesà -- _tUn chin de amor. |
|
| 942 |
_2ddc _cBK |
||
| 945 | _aInventariado extranjero / 2017 YL | ||
| 956 |
_aLOPEREZ _b10 _c20171116 _d0041 |
||
| 999 |
_c12906 _d12906 |
||